000 00692nam a2200289Ia 4500
005 20260324150115.0
008 008 260324s9999 xx 000 0 eng d
020 _a9780203722596
037 _aEBOOK
040 _aCRL
040 _beng
040 _cCRL
041 _2eng
041 _aeng
084 _qCRL
100 _aIsca Salzberger-Wittenberg
_91225281
245 0 _aPsycho-Analytic Insight and Relationships
245 2 _bA Kleinian Approach
260 _bTaylor and Francis
260 _c1973
365 _a
365 _b195
856 _uhttp://www.taylorfrancis.com/books/9780203722596
942 _cEBOOK
999 _c1834182
_d1834182